000
00305nam a2200121Ia 4500
005
20251222144849.0
008
251222s9999||||xx |||||||||||||| ||spa||
082
_a
658.159/R29
100
_a
Rayo Cantón, Salvador
245
0
_a
Taller Internacional:
264
_b
Universidad del Pacífico
942
_c
LIB
999
_c
21517
_d
21517